| 000 | 00487nam a2200169 i 4500 | ||
|---|---|---|---|
| 001 | 39005 | ||
| 003 | ES-MaACL | ||
| 005 | 20230906155854.0 | ||
| 007 | t| | ||
| 008 | 030227s1940 sp ||||1| spa d | ||
| 100 | 1 |
_aBusquets Gorina, José. _932847 |
|
| 245 | 1 | 0 |
_aCálculo comercial / _cresumen de las explicaciones de José Busquets Gorina. |
| 250 | _a12ª ed. | ||
| 260 |
_aBarcelona : _bLibreria Bosch, _c1940. |
||
| 300 |
_a1 v. ; _c23 cm. |
||
| 852 |
_aES-MaACL _jF-15272 _bR.18881 |
||
| 999 |
_c39005 _d39005 |
||